Регионална библиотека "Любен Каравелов" - Русе

Съчинения (Запис номер 131243)

MARC детайли
000 -Лидер
Контролно поле с фиксирана дължина 01822nam a2200385 a 4500
003 - Код на организацията, давaща контролен номер
Контролно поле BLK
005 - Дата и час на последна редакция
Контролно поле 20250225005545.0
008 - Елементи от данни с фиксирана дължина
fixed length control field 180409b bul|||||r ||||||| ||bul||
010 ## - Наследен системен номер
LC control number KNG00137050000
040 ## - Източник на каталожния запис
Идентификатор на билиотеката - собственик на записа BLK
041 ## - Код за език
Код за езика на текст/звукозапис или на отделно заглавие Български
Код за езика КДБФ Български
072 #7 - Код за тематичната категория
Код организация bullib
Код за тематична категория А
Текст Фонд Михаил Арнаудов
080 ## - УДК
Текстов определител УДК Българска литература
УДК код - определител по УДК 821.163.2
УДК определител (081.1)
УДК - код + определител 821.163.2(081.1)
100 ## - Редна дума - Автор
Автор Ботев, Христо
Дати, свързани с автора 1848 - 1876
Пълна форма на името Петков, Христо Ботев
Авторска отговорност първи автор
R(LIN) 364222
139 ## - Редно поле
Редна дума Ботев, Христо
Авторски знак Ботев, Хр. - Б 70
245 10 - Сведения за заглавието
Заглавие Съчинения
Подзаглавни данни Т. 1 - 3
Редно поле (дума) Христо Ботев; под ред. на Михаил Димитров.
Том Т. 3
Заглавие на том Стихотворения
250 ## - Област на изданието
Сведения за изданието 2. изд.
257 ## - Страна на издаване
Страна на създаване/издаване България
260 ## - Област на издателските данни
Място на издаване, разпространение и проч. София
Име на издателя, разпространителя и проч. Хемус
Година на издаване 1945 -
300 ## - Физическа характеристика
Размери/Мащаб 19 см
380 ## - Жанр
Жанр Худож. лит.
490 ## - СЕРИИ (Колекции)
9 (RLIN) 396381
Име на серия Частна колекция - Академик Михаил Арнаудов
Бележки за серията Дарение - Основен фонд
500 ## - Общи забележки
Забележка 1. изд. 1940.
505 ## - Форматирана забележка
Заглавие Хумор и сатира
505 ## - Форматирана забележка
Заглавие Книжовен преглед
505 ## - Форматирана забележка
Заглавие Кореспонденция
659 ## - Тематичен бюлетин
Тематичен бюлетин А
700 1# - Други автори (авторска отговорност)
Лично име Димитров, Михаил
Автороска отговорност (Описва отношението между автора и произведението) под ред. на
Друга информация Дафинкичев, Михаил Димитров
9 (RLIN) 378130
760 1# - Описание на основната серия
Редна дума на основното описание Ботев, Христо
Издание 2. изд.
Място на издаване, издател и година 1945
Страници - том 548 с.
Забележка - том Фонд Михаил Арнаудов - Коментари по полетата: с. 174, 506 ; Отбелязване място в кн.: с. 506. - екз. с твърда подв..
Заглавие Т. 3 Стихотворения
852 ## - Местоположение
Форматна сигнатура Цб 8.180.15791
Фондова буква Хранилище
852 ## - Местоположение
Форматна сигнатура МА 2082
Фондова буква Фонд "Михаил Арнаудов"
999 ## - СИСТЕМНИ КОНТРОЛНИ НОМЕРА
Koha biblionumber 131243
Koha biblioitemnumber 131243
942 ## - АРТИКУЛИ
Вид на библиотечния материал Книги
Скрит в OPAC Не
Периодичен библиозапис Да
Koha issues (borrowed), all copies 1
944 ## - СЪЗДАВАНЕ И РЕДАКЦИЯ на ЗАПИСА
Създаване/Редакция Създаване
Дата на регистрацията/редакция 07.12.2012
Статус, дата на статуса CRON CRON
Служител, извършил регистрацията/редакцията
944 ## - СЪЗДАВАНЕ И РЕДАКЦИЯ на ЗАПИСА
Създаване/Редакция Редакция
Дата на регистрацията/редакция 2021-07-20
Служител, извършил регистрацията/редакцията Геновева_Генчева
Наличности
Код за отписване Код за изгубен артикул Източник на класификационната схема Код за повреда Коз за рестрикции Код за отдаване Артикулен № Име на библиотеката - собственик Име на библиотеката, в която се намира в момента Статус (Текущо местоположение) Дата на вписване в системата Местоположение - отдел Цена в лева Инвентарен номер Систематично азбучна сигнатура Баркод Номер на екземпляра Цена в евро Служебна бележка Служебен тип на артикула
  Не е изгубен Universal Decimal Classification Не е повреден само за читалня ползва се в читалня 213969 Регионална библиотека "Любен Каравелов" Русе Регионална библиотека "Любен Каравелов" Русе Хранилище 1945-01-01 Основен фонд - ползва се само за читалня 0.44 15791-ІІІ Цб 8.180.15791 900000068827 1 0.22 N: стар фонд Дата: 01.01.1945 Книги
  Не е изгубен Universal Decimal Classification Не е повреден само за читалня Специални фондове ( старопечатни, редки и ценни, фонд М. Арнаудов) 213970 Регионална библиотека "Любен Каравелов" Русе Регионална библиотека "Любен Каравелов" Русе Фонд "Михаил Арнаудов" 1973-01-01 Фонд "Михаил Арнаудов" 70.00 590666 МА 2082 120000590666 2 35.79 Дост: DA Вид: А N: стар фонд Дата: 01.01.1973 Книги
Vip Innovations Ltd, Rousse, Bulgaria 2025